00356nam a2200121Ia 450000500170000000800410001708200150005810000190007324500250009226000500011730000130016750000540018020250515020841.0240331s9999 xx 000 0 und d a301.7bVAN aVanamamalai, N 0aMakkalum marabukalum aChennaibNew Century Book House Pvt Ltdc1975 a188 p ., aA Book of manidaviyal Arachi Kadoorai Thoguppu